000 00676pam a2200241 a 4500
999 _c3057
_d3057
001 3823743
003 GBCCL
005 20241126110446.0
008 860508s1986 dcu 001 0 eng
010 _a 86013060
020 _a082800353X
040 _aDLC
_cDLC
_dDLC
050 0 0 _aBV4811
_b.W595 1986
082 0 0 _a242.2
_219
_bWIN
100 1 _aWinn, Dick.
_96341
245 1 0 _aHis healing love /
_cDick Winn.
260 _aWashington, D.C. :
_bReview and Herald Pub. Association,
_cc1986.
300 _a374 p. ;
_c21 cm.
500 _aIncludes index.
650 0 _aDevotional calendars.
_91878
906 _a7
_bcbc
_corignew
_d1
_eocip
_f19
_gy-gencatlg
942 _2ddc
_cBK